Capitales commençant par K - Statistiques

Statistiques générales
  • Ce quiz a été pris 148 fois
  • Le résultat moyen est 7 sur 11
Statistiques - réponses
Capitales % Correct
Katmandou
78%
Koweït
74%
Kuala Lumpur
73%
Kiev
68%
Kaboul
65%
Kigali
62%
Kinshasa
58%
Kampala
57%
Kingston
57%
Kingstown
57%
Khartoum
50%
Aucun quiz correspondant
Distribution des résultats
% des personnes avec chaque résultat
Percentile par nombre de réponses
Votre historique - résultats
Vous n’avez pas pris ce quiz